000 00506nam a2200133Ia 4500
005 20260209120150.0
008 260209s9999||||xx |||||||||||||| ||und||
100 _aLekhashree S S
245 0 _aLegal framework to combat child sexual abuse in India : a critical analysis
260 _aBangaloreBangalore
_bNLSIU, Bangalore
_c2023 - 2024
300 _a35 p. ; 25 cm.
700 _aDr. Sharada Shindhe - SupervisorDr. Sharada Shindhe - Supervisor
856 _uhttps://dans.nls.ac.in/handle/123456789/2114
999 _c217678
_d217678